Регионална библиотека "Любен Каравелов" - Русе

Наръчник на профсъюзния активист (Запис номер 377377)

MARC детайли
000 -Лидер
Контролно поле с фиксирана дължина nam a22 a 4500
003 - Код на организацията, давaща контролен номер
Контролно поле BLK
005 - Дата и час на последна редакция
Контролно поле 20200729081024.0
008 - Елементи от данни с фиксирана дължина
fixed length control field 200728b bul|||||r ||||||| ||bul||
010 ## - Наследен системен номер
LC control number KNG00041070RET
040 ## - Източник на каталожния запис
Идентификатор на билиотеката - собственик на записа BLK
041 ## - Код за език
Код за езика на текст/звукозапис или на отделно заглавие Български
Код за езика КДБФ Български
080 ## - УДК
Текстов определител УДК Труд. Работодател. Работник. Наука за труда. Икономика на труда. Организация на труда. Вж и 001.89;311;312;338.26/.28;349.2;351.83;368.4;316.6;614.8;658.3
УДК код - определител по УДК 331
УДК - код + определител 331
139 ## - Редно поле
Редна дума Наръчник на профсъюзния активист
245 10 - Сведения за заглавието
Заглавие Наръчник на профсъюзния активист
257 ## - Страна на издаване
Страна на създаване/издаване България
260 ## - Област на издателските данни
Място на издаване, разпространение и проч. София
Име на издателя, разпространителя и проч. Профиздат
Година на издаване 1958
300 ## - Физическа характеристика
Страници 132 с.
Размери/Мащаб 28 см
380 ## - Жанр
Жанр Обществени науки
500 ## - Общи забележки
Забележка Изд. на ЦСПС. 5 000 тир. 2 лв.
650 #4 - Допълнително описание по предмет – тема
Основно описание – тема или топоним Профсъюзи - България - Наръчници
9 (RLIN) 421020
852 ## - Местоположение
Форматна сигнатура Цб І 2648
856 4# - Електронен адрес и достъп
Електронен формат pdf - файл
Път до файла /url/
856 4# - Електронен адрес и достъп
Електронен формат pdf - файл
Път до файла /url/
999 ## - СИСТЕМНИ КОНТРОЛНИ НОМЕРА
Koha biblionumber 377377
Koha biblioitemnumber 377377
942 ## - АРТИКУЛИ
Вид на библиотечния материал Книги
Скрит в OPAC Не
Периодичен библиозапис Да
944 ## - СЪЗДАВАНЕ И РЕДАКЦИЯ на ЗАПИСА
Създаване/Редакция Създаване
Служител, извършил регистрацията/редакцията Моника Янева
Дата на регистрацията/редакция 2020-07-29
999 ## - СИСТЕМНИ КОНТРОЛНИ НОМЕРА
Koha biblioitemnumber 377377
999 ## - СИСТЕМНИ КОНТРОЛНИ НОМЕРА
Koha biblioitemnumber 375462
Наличности
Код за отписване Код за изгубен артикул Източник на класификационната схема Код за повреда Коз за рестрикции Код за отдаване Артикулен № Име на библиотеката - собственик Име на библиотеката, в която се намира в момента Статус (Текущо местоположение) Дата на вписване в системата Местоположение - отдел Цена в лева Инвентарен номер Систематично азбучна сигнатура Баркод Цена в евро Служебен тип на артикула
  Не е изгубен Universal Decimal Classification Не е повреден без рестрикции ползва се в читалня 786750 Регионална библиотека "Любен Каравелов" Русе Регионална библиотека "Любен Каравелов" Русе Хранилище 2020-07-29 Хранилище 0.20 139/59 Цб I 2648 900000025555 0.10 Книги
Vip Innovations Ltd, Rousse, Bulgaria 2025